Dalit Encounter: An Analysia of Brhamanical Social System (Record no. 227865)
[ view plain ]
| 000 -LEADER | |
|---|---|
| fixed length control field | 00562nam a22001937a 4500 |
| 005 - DATE AND TIME OF LATEST TRANSACTION | |
| control field | 20230714112717.0 |
| 008 - FIXED-LENGTH DATA ELEMENTS--GENERAL INFORMATION | |
| fixed length control field | 230714b ||||| |||| 00| 0 eng d |
| 040 ## - CATALOGING SOURCE | |
| Transcribing agency | AL |
| 041 ## - LANGUAGE CODE | |
| Language code of text/sound track or separate title | English |
| 082 ## - DEWEY DECIMAL CLASSIFICATION NUMBER | |
| Edition number | 23 |
| Classification number | 305.5 |
| Item number | SUND |
| 100 ## - MAIN ENTRY--PERSONAL NAME | |
| Personal name | Basudev Sunani |
| 100 ## - MAIN ENTRY--PERSONAL NAME | |
| 9 (RLIN) | 126900 |
| 245 ## - TITLE STATEMENT | |
| Title | Dalit Encounter: An Analysia of Brhamanical Social System |
| 260 ## - PUBLICATION, DISTRIBUTION, ETC. | |
| Place of publication, distribution, etc. | Chhajli |
| Name of publisher, distributor, etc. | Mata Nashib Kaur Yaadgari Parkashan |
| 300 ## - PHYSICAL DESCRIPTION | |
| Extent | 78 p. |
| Other physical details | PB |
| Dimensions | 21x13.6 cm. |
| 650 ## - SUBJECT ADDED ENTRY--TOPICAL TERM | |
| Topical term or geographic name entry element | Dalits |
| 9 (RLIN) | 126901 |
| 700 ## - ADDED ENTRY--PERSONAL NAME | |
| Personal name | SUNANI (Basudev) |
| 9 (RLIN) | 126902 |
| 700 ## - ADDED ENTRY--PERSONAL NAME | |
| Personal name | LAL (Jagdish) |
| 9 (RLIN) | 126903 |
| 942 ## - ADDED ENTRY ELEMENTS (KOHA) | |
| Source of classification or shelving scheme | Dewey Decimal Classification |
| Koha item type | Donated Books |
| Withdrawn status | Lost status | Source of classification or shelving scheme | Damaged status | Not for loan | Collection code | Home library | Current library | Date acquired | Total Checkouts | Full call number | Barcode | Date last seen | Price effective from | Koha item type | Public note |
|---|---|---|---|---|---|---|---|---|---|---|---|---|---|---|---|
| Dewey Decimal Classification | Sociology | St Aloysius Library | St Aloysius Library | 06/24/2023 | 305.5 SUND | D05971 | 07/14/2023 | 07/14/2023 | Donated Books | Donated by V.T. Rajshekar |